|
|
|
|
| LEADER |
00000nab a2200000 a 4500 |
| 001 |
vtls000597318 |
| 003 |
SK-MaSNL |
| 005 |
20260303015713.0 |
| 008 |
160202c1996 xo 0 slo |
| 015 |
|
|
|a SNBRB19rr/mm-uuuuu
|
| 035 |
|
|
|a CL0597457
|
| 040 |
|
|
|a SNKBUCL
|b slo
|c SNKBUCL
|e AACR2
|
| 041 |
0 |
|
|a slo
|
| 044 |
|
|
|a xo
|c SK
|
| 080 |
|
|
|a 332.64
|2 1981
|
| 100 |
1 |
|
|a -pý-
|4 aut
|9 989663
|
| 245 |
1 |
0 |
|a Oceňovanie stavieb, pozemkov a trvalých porastov
|c -pý-
|
| 650 |
0 |
7 |
|a stavby
|2 snkbucl
|9 2983
|
| 650 |
0 |
7 |
|a pozemky
|2 snkbucl
|9 15852
|
| 650 |
0 |
7 |
|a porasty trvalé
|2 snkbucl
|9 967854
|
| 655 |
|
7 |
|a články z novín a časopisov
|2 snkbucl
|9 267496
|
| 773 |
0 |
|
|t Odborárske spektrum
|g Roč. 7, č. 35-36 (1996)
|x 1210-177X
|
| 773 |
0 |
|
|t Príloha Odborárskeho spektra
|g Č. 35-36 (1996), s. 1-4
|x 1210-177X
|
| 850 |
|
|
|a Slovenská národná knižnica v Martine
|a MTA001
|
| 852 |
|
|
|a SNK
|b KIS3GCP
|
| 958 |
|
|
|a RK
|
| 958 |
|
|
|a SK
|
| 992 |
|
|
|a RBX
|
| 999 |
|
|
|c 1614213
|d 1616143
|